000 00549nam a2200193Ia 4500
001 12239
003 GE_BSU
008 181216s||||||||xx |||||||||||||| ||und||
040 _cGE_BSU
080 _a58(075.76)
100 _aХржановский,В.Г.
245 _aПрактикум по курсу общей ботаники
260 _aМосква
260 _bВысшая школа
260 _c1979
300 _a422стр.Илл.22см.
653 _aПрактикум по курсу общей ботаники
942 _cBK
999 _c45415
_d45415